Statystyki dla Flagi państw nieuznawanych

Kliknij tutaj aby rozwiązać quiz!

Ogólne statystyki

  • Ten quiz został rozwiązany 1 124 razy
    (70 od ostatniego zresetowania)
  • Średni wynik to 6 z 9

Statystyki odpowiedzi

Odpowiedź% Poprawnych
Kosowo
98%
Palestyna
90%
Tajwan
86%
Cypr Północny
63%
Naddniestrze
54%
Sahara Zachodnia
53%
Abchazja
46%
Somaliland
37%
Osetia Południowa
36%

Rozkład punktacji

Percentyl według liczby udzielonych odpowiedzi

Procent ludzi z każdym wynikiem

Twoja historia wyników

Nie rozwiązałeś tego quizu od ostatniego zresetowania